Eastern Wines on Western Tables : Consumption, Trade and Economy in Ancient Italy /
Eastern Wines on Western Tables: Consumption, Trade and Economy in Ancient Italy is an interdisciplinary and multifaceted study concerning wine commerce and the Roman economy during Classical antiquity. Wine was one of the main consumption goods in the Mediterranean during antiquity, and the average...
المؤلف الرئيسي:
التنسيق: كتاب الكتروني
اللغة: English
منشور في:
Leiden; Boston :
BRILL,
2021.
سلاسل:
Mnemosyne, Supplements ;
435.
الموضوعات:
الوصول للمادة أونلاين: Login to view Source
الوسوم: إضافة وسم
رقم الطلب: LB875
| LEADER | 02399nam a22004571i 4500 | ||
|---|---|---|---|
| 001 | BRILL9789004433762 | ||
| 003 | nllekb | ||
| 005 | 20230529205716.0 | ||
| 006 | m d | ||
| 007 | cr un uuuua | ||
| 008 | 200407s2021 ne sb 001 0 eng d | ||
| 020 | |a 9789004433762 |q (electronic book) | ||
| 020 | |a 9789004433700 |q (print) | ||
| 024 | 7 | |a 10.1163/9789004433762 |2 DOI | |
| 035 | |z (OCoLC)1154893575 | ||
| 040 | |a NL-LeKB |c NL-LeKB |e rda | ||
| 050 | 4 | |a LB875 | |
| 072 | 7 | |a HBLA1 |2 bicssc | |
| 072 | 7 | |a HIS |x 002000 |2 bisacsh | |
| 072 | 7 | |a HIS |x 039000 |2 bisacsh | |
| 082 | 0 | 4 | |a 370.1 |2 23 |
| 100 | 1 | |a Komar, Paulina, |e author. | |
| 245 | 1 | 0 | |a Eastern Wines on Western Tables : |b Consumption, Trade and Economy in Ancient Italy / |c Paulina Komar. |
| 246 | 3 | |a Consumption, Trade and Economy in Ancient Italy | |
| 264 | 1 | |a Leiden; |a Boston : |b BRILL, |c 2021. | |
| 300 | |a 1 online resource. | ||
| 336 | |a text |b txt |2 rdacontent | ||
| 337 | |a computer |b c |2 rdamedia | ||
| 338 | |a online resource |2 rdacarrier | ||
| 490 | 1 | |a Mnemosyne, Supplements ; |v 435 | |
| 520 | |a Eastern Wines on Western Tables: Consumption, Trade and Economy in Ancient Italy is an interdisciplinary and multifaceted study concerning wine commerce and the Roman economy during Classical antiquity. Wine was one of the main consumption goods in the Mediterranean during antiquity, and the average Roman adult male probably consumed between 0,5 - 1 litre of it per day. It is therefore clear that the production and trading of wine was essential for the Roman economy. This book demonstrates that wines from the Eastern Mediterranean and the Aegean region in particular, played a crucial part in wine commerce. Moreover, it sheds new light on economic dilemmas that have long puzzled scholars, such as growth and market integration during antiquity. | ||
| 559 | 4 | |a LB875 | |
| 588 | |a Description based on print version record. | ||
| 650 | 0 | |a Education. | |
| 650 | 0 | |a Experience. | |
| 776 | 0 | 8 | |i Print version: |t Eastern Wines on Western Tables : Consumption, Trade and Economy in Ancient Italy, |d Leiden Boston : BRILL, 2021 |w 9789004433700 |
| 830 | 0 | |a Mnemosyne, Supplements ; |v 435. | |
| 856 | 4 | |z DOI: |u http://dx.doi.org/10.1163/9789004433762 | |
| 942 | |2 lcc |c EBOOK | ||
| 952 | |0 0 |1 0 |2 lcc |4 0 |6 LB0875 |7 1 |9 47558 |a BRILL |b BRILL |d 2023-05-29 |l 0 |o LB875 |r 2023-05-29 00:00:00 |w 2023-05-29 |y EBOOK | ||
| 999 | |c 52902 |d 52902 | ||
